Normal view MARC view

Entry Personal Name

Number of records used in: 1

001 - CONTROL NUMBER

  • control field: 17589

003 - CONTROL NUMBER IDENTIFIER

  • control field: OSt

005 - DATE AND TIME OF LATEST TRANSACTION

  • control field: 20240621124238.0

008 - FIXED-LENGTH DATA ELEMENTS

  • fixed length control field: 240621|| aca||aabn | a|a d

040 ## - CATALOGING SOURCE

  • Original cataloging agency: OSt
  • Transcribing agency: OSt

100 ## - HEADING--PERSONAL NAME

  • Personal name: Williams, Dudley,
  • Dates associated with a name: 1912-

670 ## - SOURCE DATA FOUND

  • Source citation: Work cat.: (OSt)8698: Shortley, George, 1910- 17588, Principles of college physics,, 1959.